Emerging Trends in Business and HR (Record no. 13144)
[ view plain ]
| 000 -LEADER | |
|---|---|
| fixed length control field | 00312nam a22001337a 4500 |
| 003 - CONTROL NUMBER IDENTIFIER | |
| control field | OSt |
| 008 - FIXED-LENGTH DATA ELEMENTS--GENERAL INFORMATION | |
| fixed length control field | 250215b |||||||| |||| 00| 0 eng d |
| 020 ## - INTERNATIONAL STANDARD BOOK NUMBER | |
| International Standard Book Number | 9789348140470 |
| 100 ## - MAIN ENTRY--PERSONAL NAME | |
| Personal name | NAVITA |
| 245 ## - TITLE STATEMENT | |
| Title | Emerging Trends in Business and HR |
| 300 ## - PHYSICAL DESCRIPTION | |
| Extent | 347p. |
| 650 ## - SUBJECT ADDED ENTRY--TOPICAL TERM | |
| Topical term or geographic name as entry element | Faculty Publication |
| 942 ## - ADDED ENTRY ELEMENTS (KOHA) | |
| Source of classification or shelving scheme | Dewey Decimal Classification |
| Koha item type | Text Books |
No items available.